[Event "?"]
[Site "?"]
[Date "????.??.??"]
[Round "?"]
[White "Pererva, V."]
[Black "Hamm, G."]
[Result "1/2-1/2"]
[WhiteElo "2053"]
[BlackElo "2139"]
[PlyCount "53"]
[EventDate "2014.??.??"]

1. e4 g6 2. d4 Bg7 3. Nf3 c6 4. Nc3 d5 5. h3 Nf6 6. Bd3 dxe4 7. Nxe4 Nxe4 8.
Bxe4 Nd7 9. c3 O-O 10. O-O e5 11. Bc2 exd4 12. Nxd4 Qb6 13. Nb3 Nf6 14. Qf3 Be6
15. Be3 Qc7 16. Qf4 Qxf4 17. Bxf4 Nd5 18. Bg3 Rad8 19. Nc5 Bc8 20. Rfe1 Rfe8
21. Bh4 Bf6 22. Bxf6 Nxf6 23. Rad1 Kf8 24. Rxd8 Rxd8 25. Rd1 Rxd1+ 26. Bxd1 Ke7
27. Kf1 1/2-1/2

[Event "?"]
[Site "?"]
[Date "????.??.??"]
[Round "?"]
[White "Gehrmann, U."]
[Black "Humburg, P."]
[Result "0-1"]
[WhiteElo "2052"]
[BlackElo "2087"]
[PlyCount "68"]
[EventDate "2014.??.??"]

1. d4 Nf6 2. c4 g6 3. Nc3 Bg7 4. e4 d6 5. h3 O-O 6. Be3 c5 7. d5 e6 8. Bd3 Re8
9. Nf3 exd5 10. exd5 a6 11. O-O b5 12. cxb5 Nbd7 13. bxa6 Bxa6 14. Bxa6 Rxa6
15. Qd3 Qa8 16. Bf4 Nb6 17. Bxd6 c4 18. Qc2 Nbxd5 19. Nxd5 Nxd5 20. Bc5 Nf4 21.
Rfe1 Rc8 22. Re4 Nd3 23. Rxc4 Nxb2 24. Re1 Nxc4 25. Qxc4 Rac6 26. Re7 Rf8 27.
Ng5 Qa6 28. Qd5 Rf6 29. Ra7 Qe2 30. Ra8 Rf5 31. Rxf8+ Bxf8 32. Qd7 Qe1+ 33. Kh2
Qe5+ 34. Kg1 Qxc5 0-1

[Event "?"]
[Site "?"]
[Date "????.??.??"]
[Round "?"]
[White "Hansch, S."]
[Black "Oehl, T."]
[Result "1/2-1/2"]
[WhiteElo "2044"]
[BlackElo "2120"]
[PlyCount "57"]
[EventDate "2014.??.??"]

1. d4 e6 2. c4 f5 3. Nf3 Nf6 4. g3 Be7 5. Bg2 O-O 6. O-O d6 7. Nc3 Ne4 8. Qc2
Nxc3 9. bxc3 Nc6 10. e4 e5 11. d5 Nb8 12. c5 Qe8 13. cxd6 cxd6 14. exf5 Bxf5
15. Qb3 Nd7 16. Be3 b6 17. a4 Rb8 18. Nd2 Nc5 19. Bxc5 bxc5 20. Qc4 Rb2 21. Ne4
Qf7 22. Ra2 Rb6 23. a5 Rb7 24. Qa6 Rd7 25. Rb2 Qg6 26. Qc4 Bd8 27. a6 Bb6 28.
h3 Rdf7 29. Ra1 1/2-1/2

[Event "?"]
[Site "?"]
[Date "????.??.??"]
[Round "?"]
[White "Sand, R."]
[Black "Hansch, T."]
[Result "1/2-1/2"]
[WhiteElo "1958"]
[BlackElo "2117"]
[PlyCount "105"]
[EventDate "2014.??.??"]

1. c4 e6 2. g3 d5 3. Nf3 Nf6 4. Bg2 Be7 5. O-O O-O 6. d4 c6 7. Qc2 Nbd7 8. Nbd2
b6 9. e4 Bb7 10. b3 Rc8 11. Bb2 Qc7 12. Rac1 Qb8 13. Rfe1 Rfd8 14. e5 Ne8 15.
cxd5 cxd5 16. Qd3 Rxc1 17. Rxc1 Rc8 18. Nb1 Rxc1+ 19. Bxc1 Qc8 20. Qc3 Qxc3 21.
Nxc3 Ba6 22. Bf1 Bxf1 23. Kxf1 Nc7 24. Ke2 f6 25. exf6 gxf6 26. Bf4 Ne8 27. Nb5
a6 28. Nc7 Nxc7 29. Bxc7 Kf7 30. g4 Kg6 31. h3 f5 32. Ne5+ Nxe5 33. Bxe5 Kg5
34. Kf3 fxg4+ 35. hxg4 h5 36. Bf4+ Kg6 37. gxh5+ Kxh5 38. Bc7 b5 39. Kf4 Kg6
40. Be5 Bh4 41. f3 Bg5+ 42. Kg4 Be3 43. Bh8 Bf2 44. Be5 Bg1 45. Bh8 Bh2 46. f4
Bg1 47. Be5 Be3 48. Kf3 Bd2 49. Kg4 Bb4 50. Bc7 Bf8 51. Bb8 Bg7 52. Ba7 Bf6 53.
Bc5 1/2-1/2

[Event "?"]
[Site "?"]
[Date "????.??.??"]
[Round "?"]
[White "Nguyen, H."]
[Black "Eskandary, J."]
[Result "0-1"]
[WhiteElo "1909"]
[BlackElo "2116"]
[PlyCount "120"]
[EventDate "2014.??.??"]

1. d4 d6 2. e4 Nd7 3. Nf3 c6 4. Nc3 Ngf6 5. Bf4 Qa5 6. Bd3 e5 7. Bg3 Nh5 8. Qd2
Nxg3 9. hxg3 b5 10. Ne2 Qxd2+ 11. Kxd2 a6 12. c3 Be7 13. a4 Bb7 14. axb5 cxb5
15. Bc2 O-O 16. Nh4 g6 17. d5 Nb6 18. b3 Rfc8 19. Rh2 Bf8 20. Rah1 a5 21. g4 h6
22. Ra1 a4 23. Rhh1 axb3 24. Bxb3 Be7 25. Nf3 Kg7 26. Rhb1 Rcb8 27. Ne1 Bc8 28.
f3 Bd7 29. Nc2 Bg5+ 30. Kd1 Na4 31. Bxa4 bxa4 32. Rxb8 Rxb8 33. Nb4 Be3 34. Nc1
Kf6 35. Ncd3 Re8 36. Ra3 Bb5 37. Ke2 Bc1 38. Ra2 Bc4 39. Rc2 Bg5 40. Ke1 Bh4+
41. Kd2 a3 42. Nc1 Kg5 43. Ke3 Bg3 44. Nca2 Bb3 45. Re2 Bd1 46. c4 Bf4+ 47. Kd3
Bxe2+ 48. Kxe2 Rb8 49. Kd3 Kh4 50. Kc3 Kg3 51. Nd3 Be3 52. c5 Bxc5 53. Nxc5
dxc5 54. Kc4 Rb2 55. Nc3 a2 56. Nxa2 Rxa2 57. Kxc5 Rxg2 58. d6 Rd2 59. Kc6 Kxf3
60. Kc7 Kxe4 0-1

[Event "?"]
[Site "?"]
[Date "????.??.??"]
[Round "?"]
[White "Martinsen, S."]
[Black "Herbrig, A."]
[Result "1/2-1/2"]
[WhiteElo "2105"]
[BlackElo "1880"]
[PlyCount "76"]
[EventDate "2014.??.??"]

1. d4 Nf6 2. Bg5 e6 3. e3 b6 4. Nd2 Bb7 5. Ngf3 Be7 6. Bd3 O-O 7. c3 d5 8. Qb1
Nbd7 9. O-O Re8 10. Ne5 h6 11. Bh4 Nxe5 12. dxe5 Nd7 13. Bg3 c5 14. h3 c4 15.
Bc2 b5 16. f4 Qb6 17. Bf2 Bc5 18. Qe1 a5 19. Nf3 b4 20. Nd4 Ba6 21. Qd2 Rab8
22. Ba4 Qc7 23. Bg3 g6 24. f5 gxf5 25. e4 dxe4 26. Qxh6 Bxd4+ 27. cxd4 Nf8 28.
Bh4 f6 29. Bxe8 Rxe8 30. Bxf6 Qh7 31. Qg5+ Qg6 32. Qe3 Nd7 33. Rf4 Nb6 34. Rh4
Nd5 35. Qe2 Nxf6 36. exf6 Qxf6 37. Qh5 Re7 38. Rd1 Bb5 1/2-1/2

[Event "?"]
[Site "?"]
[Date "????.??.??"]
[Round "?"]
[White "Schwarz, L."]
[Black "Rudolf, M."]
[Result "0-1"]
[WhiteElo "1933"]
[BlackElo "2092"]
[PlyCount "92"]
[EventDate "2014.??.??"]

1. e4 e6 2. d4 d5 3. Nd2 Be7 4. Ngf3 Nf6 5. e5 Nfd7 6. Nb3 c5 7. c3 b6 8. Be3
O-O 9. Be2 Ba6 10. O-O Bxe2 11. Qxe2 c4 12. Nbd2 b5 13. a4 b4 14. cxb4 Bxb4 15.
Nb1 Nc6 16. Nc3 Rb8 17. Qc2 Be7 18. Rab1 Na5 19. Nd2 Nb3 20. Nxb3 Rxb3 21. Ne2
Qa5 22. Bd2 Qa6 23. Nc1 Rb6 24. a5 Rc6 25. Qa4 Rb8 26. Na2 Qb5 27. Qc2 Qb3 28.
Qxb3 Rxb3 29. Rfc1 Rc7 30. Rc3 Rb5 31. b4 Nb8 32. Rc2 Nc6 33. Bc3 Nxa5 34. Rcb2
Nc6 35. Kf1 Rcb7 36. Ke2 Bd8 37. Kd2 Bb6 38. Ke3 Nxe5 39. Nc1 Nc6 40. f4 f6 41.
Ne2 Bc7 42. g3 Bd6 43. Nc1 Bxb4 44. Na2 a5 45. Nxb4 axb4 46. Be1 Kf7 0-1

[Event "?"]
[Site "?"]
[Date "????.??.??"]
[Round "?"]
[White "Stabolewski, A."]
[Black "Rudolf, T."]
[Result "1-0"]
[WhiteElo "2181"]
[BlackElo "2080"]
[PlyCount "29"]
[EventDate "2014.??.??"]

1. c4 c6 2. Nf3 d5 3. e3 Nf6 4. Nc3 a6 5. Qc2 Bg4 6. Ne5 Bh5 7. cxd5 cxd5 8.
Qa4+ Nbd7 9. Nxd7 Nxd7 10. Nxd5 e5 11. d4 b5 12. Bxb5 Bg4 13. Bc6 Rb8 14. dxe5
Be6 15. O-O 1-0

[Event "?"]
[Site "?"]
[Date "????.??.??"]
[Round "?"]
[White "Brendel, B."]
[Black "Friedel, M."]
[Result "0-1"]
[WhiteElo "2057"]
[BlackElo "2148"]
[PlyCount "73"]
[EventDate "2014.??.??"]

1. e4 e5 2. Nf3 Nc6 3. d4 exd4 4. Nxd4 Nf6 5. Nxc6 bxc6 6. e5 Qe7 7. Qe2 Nd5 8.
c4 Ba6 9. Nd2 g6 10. Nf3 Qb4+ 11. Kd1 Nb6 12. b3 O-O-O 13. Qd2 d5 14. c5 Qxd2+
15. Bxd2 Bxf1 16. Rxf1 Bxc5 17. Rc1 Nd7 18. Ng5 Rde8 19. f4 h6 20. Nxf7 Rh7 21.
Re1 Bf8 22. e6 Nc5 23. Ne5 Rxe6 24. b4 Ne4 25. Rxc6 Rxe5 26. fxe5 Nxd2 27. a3
Ne4 28. Rxg6 Rf7 29. e6 Rf2 30. Rg3 Nxg3 31. hxg3 Be7 32. Re5 c6 33. b5 Kc7 34.
a4 Rxg2 35. Rh5 Bg5 36. bxc6 Kxc6 37. Rh1 0-1

[Event "?"]
[Site "?"]
[Date "????.??.??"]
[Round "?"]
[White "Küchle, W."]
[Black "Lipinsky, M."]
[Result "0-1"]
[WhiteElo "2048"]
[BlackElo "2142"]
[PlyCount "84"]
[EventDate "2014.??.??"]

1. c4 Nf6 2. g3 g6 3. Bg2 Bg7 4. Nc3 O-O 5. e4 d6 6. Nge2 e5 7. O-O Re8 8. d3
h6 9. Rb1 a5 10. Bd2 c6 11. a3 Be6 12. Qc2 Na6 13. b4 axb4 14. axb4 d5 15. c5
dxe4 16. dxe4 Bc4 17. Qc1 Kh7 18. Rd1 Qe7 19. Be3 Red8 20. Qb2 Ng4 21. Nc1 Nxe3
22. fxe3 Rxd1+ 23. Nxd1 Rd8 24. Qc2 h5 25. Nb2 Bb5 26. Qc3 Bh6 27. Nb3 Qe6 28.
Bf1 h4 29. Bg2 Qg4 30. Re1 hxg3 31. h3 Qg5 32. Na5 Qf6 33. Nac4 Qf2+ 34. Kh1
Rd7 35. Rf1 Qe2 36. Re1 Qf2 37. Rf1 Qe2 38. Re1 Qh5 39. Nd6 Be2 40. Kg1 Bf3 41.
Rf1 Bxg2 42. Kxg2 Qe2+ 0-1

[Event "?"]
[Site "?"]
[Date "????.??.??"]
[Round "?"]
[White "Sponheim, M."]
[Black "Bade, H."]
[Result "1-0"]
[WhiteElo "2118"]
[BlackElo "2028"]
[PlyCount "55"]
[EventDate "2014.??.??"]

1. e4 e6 2. d4 d5 3. Nd2 dxe4 4. Nxe4 Nd7 5. Nf3 Ngf6 6. Nxf6+ Nxf6 7. Bd3 Be7
8. O-O O-O 9. b3 b6 10. Bb2 Bb7 11. c4 Qd6 12. Ne5 c5 13. dxc5 Qxc5 14. Qe2
Rad8 15. Rad1 g6 16. Rfe1 Nh5 17. b4 Qc8 18. Ng4 Rfe8 19. Qe3 f6 20. a3 e5 21.
f3 Nf4 22. Bc2 Ne6 23. h4 Rxd1 24. Rxd1 Qxc4 25. Bb3 Qc8 26. Nxe5 Kg7 27. Ng4
Ng5 28. Qxg5 1-0

[Event "?"]
[Site "?"]
[Date "????.??.??"]
[Round "?"]
[White "Otikova, E."]
[Black "Schoenwaelder, B."]
[Result "0-1"]
[WhiteElo "1928"]
[BlackElo "2101"]
[PlyCount "134"]
[EventDate "2014.??.??"]

1. e4 d5 2. exd5 Nf6 3. Nf3 Nxd5 4. d4 g6 5. Bc4 Bg7 6. O-O O-O 7. Ne5 c6 8. c3
Be6 9. Qe2 Nd7 10. Nd2 Nxe5 11. dxe5 Qa5 12. Nb3 Qc7 13. f4 Rad8 14. Nd4 Bc8
15. Bxd5 Rxd5 16. Be3 a6 17. c4 Rdd8 18. Qf2 c5 19. Nc2 b6 20. b4 g5 21. Rae1
Be6 22. f5 Bxc4 23. f6 Bxf1 24. fxg7 Kxg7 25. Rxf1 f6 26. bxc5 bxc5 27. Qg3
Qxe5 28. Qxe5 fxe5 29. Bxg5 Rxf1+ 30. Kxf1 Rd1+ 31. Ke2 Rg1 32. Ne1 Rh1 33. h3
e6 34. a4 c4 35. Bh4 Kg6 36. Kd2 Rf1 37. Bg3 Kf5 38. Kc3 Ke4 39. Kxc4 Ke3 40.
Nd3 Ra1 41. Nc5 e4 42. Kb4 Ra2 43. Nxa6 Rxg2 44. Be5 Rg5 45. Bb2 Kf2 46. Nc5
Kf3 47. Nxe6 Rg6 48. Nd4+ Kg3 49. Kc4 Kxh3 50. Ne2 Rc6+ 51. Kb5 Rc2 52. Nf4+
Kg4 53. Be5 Kf5 54. Bd6 e3 55. a5 e2 56. Nxe2 Rxe2 57. Kb6 Ke6 58. Bc7 Kd7 59.
Kb7 Ra2 60. Bb6 h5 61. a6 h4 62. a7 h3 63. Bg1 Rb2+ 64. Ka6 Kc7 65. Bd4 Ra2+
66. Kb5 Rxa7 67. Kc5 Ra2 0-1

[Event "?"]
[Site "?"]
[Date "????.??.??"]
[Round "?"]
[White "Schellmann, F."]
[Black "Tennert, S."]
[Result "0-1"]
[WhiteElo "2090"]
[BlackElo "2153"]
[PlyCount "46"]
[EventDate "2014.??.??"]

1. e4 d6 2. d4 Nf6 3. Nc3 e5 4. Nf3 Nbd7 5. Bc4 Be7 6. O-O O-O 7. Re1 c6 8. a4
a5 9. h3 Qc7 10. Ba2 exd4 11. Nxd4 Re8 12. Nf5 Bf8 13. Bg5 h6 14. Bh4 g6 15.
Qd4 Nh7 16. Ne3 Bg7 17. Qd2 Nc5 18. Nc4 Bxc3 19. bxc3 Nxe4 20. Qxh6 d5 21. f3
Nef6 22. Rxe8+ Nxe8 23. Ne3 Be6 0-1

[Event "?"]
[Site "?"]
[Date "????.??.??"]
[Round "?"]
[White "Riegler, D."]
[Black "Knaak, J."]
[Result "1/2-1/2"]
[WhiteElo "2085"]
[BlackElo "2150"]
[PlyCount "69"]
[EventDate "2014.??.??"]

1. d4 d5 2. c4 c6 3. Nf3 Nf6 4. e3 e6 5. Nc3 Nbd7 6. Qc2 Bd6 7. Bd3 O-O 8. O-O
Qe7 9. e4 dxc4 10. Bxc4 e5 11. d5 Nb6 12. Bb3 Bg4 13. dxc6 bxc6 14. Bg5 h6 15.
Be3 Bxf3 16. gxf3 Rac8 17. Rac1 Nh5 18. Kh1 Nf4 19. Rg1 Kh8 20. Ne2 Nxe2 21.
Qxe2 Rc7 22. Rg2 Rg8 23. Rcg1 Kh7 24. Rg3 Qf6 25. Bg5 hxg5 26. Rh3+ Kg6 27. f4
Qxf4 28. Qh5+ Kf6 29. Rf3 g6 30. Rxf4+ gxf4 31. Qh7 Rf8 32. Bxf7 Rcxf7 33.
Rxg6+ Ke7 34. Qh3 Rf6 35. Rg7+ 1/2-1/2

[Event "?"]
[Site "?"]
[Date "????.??.??"]
[Round "?"]
[White "Kleibaumhüter, K."]
[Black "Hoffmann, T."]
[Result "1/2-1/2"]
[WhiteElo "2066"]
[BlackElo "1961"]
[PlyCount "73"]
[EventDate "2014.??.??"]

1. Nf3 Nf6 2. c4 b6 3. g3 Bb7 4. Bg2 e6 5. O-O Be7 6. Nc3 O-O 7. b3 d6 8. Bb2
c5 9. Rc1 Nbd7 10. Re1 Rc8 11. e4 e5 12. Nh4 g6 13. d3 Ne8 14. Nf3 Ng7 15. Rc2
a6 16. Bc1 Bc6 17. Bh6 b5 18. h4 f6 19. Nh2 b4 20. Nd5 Bxd5 21. cxd5 a5 22. Bh3
a4 23. Be6+ Kh8 24. h5 g5 25. Ng4 Ra8 26. Ne3 Nb6 27. Qg4 axb3 28. axb3 Ra3 29.
Rb2 Nxe6 30. Qxe6 Re8 31. Qf7 Bf8 32. Bxf8 Rxf8 33. Qe6 Qd7 34. Nf5 Qxe6 35.
dxe6 Nc8 36. h6 Re8 37. Ng7 1/2-1/2

[Event "?"]
[Site "?"]
[Date "????.??.??"]
[Round "?"]
[White "Weber, B."]
[Black "Pallas, S."]
[Result "1-0"]
[WhiteElo "1947"]
[BlackElo "2026"]
[PlyCount "89"]
[EventDate "2014.??.??"]

1. e4 c5 2. Nf3 d6 3. Nc3 Nf6 4. d4 cxd4 5. Nxd4 a6 6. Be2 e6 7. a4 Nbd7 8. O-O
b6 9. f4 Bb7 10. Bf3 Rc8 11. Kh1 Qc7 12. Qe1 Ba8 13. Be3 Qb8 14. Rd1 Be7 15.
Qe2 Bb7 16. e5 dxe5 17. fxe5 Bxf3 18. Nxf3 Ng4 19. Bf4 Qb7 20. h3 Nh6 21. Bxh6
gxh6 22. Ne4 Rg8 23. Qd2 Rd8 24. Qf4 Rf8 25. Nd6+ Bxd6 26. exd6 Rc8 27. Qh4 f6
28. Qxh6 Rf7 29. c3 Rc5 30. Nd4 Rg5 31. Nf3 Rg6 32. Qd2 Rfg7 33. Rf2 Nc5 34.
Qe3 Ne4 35. Rc2 f5 36. d7+ Kd8 37. Kh2 Qc7+ 38. Kh1 Rg3 39. Qh6 Qc5 40. Qh4+
Re7 41. Nd4 Rg6 42. Nc6+ Qxc6 43. Qxe7+ Kxe7 44. d8=Q+ Kf7 45. Rd7+ 1-0

[Event "?"]
[Site "?"]
[Date "????.??.??"]
[Round "?"]
[White "Gaitzsch, M."]
[Black "Urban, K."]
[Result "1/2-1/2"]
[WhiteElo "2058"]
[BlackElo "1931"]
[PlyCount "50"]
[EventDate "2014.??.??"]

1. c4 Nf6 2. g3 g6 3. Bg2 Bg7 4. Nc3 O-O 5. e4 d6 6. Nge2 c5 7. O-O Nc6 8. d3
a6 9. h3 Rb8 10. a4 Bd7 11. Be3 Ne8 12. Rb1 Nc7 13. Qd2 b5 14. axb5 axb5 15. b3
b4 16. Nd5 Ne6 17. Bh6 Bxh6 18. Qxh6 Ned4 19. Nxd4 Nxd4 20. Qe3 Ra8 21. Rb2 Nc6
22. Nf4 Ra3 23. Ne2 e6 24. d4 Qf6 25. Rd1 Rc8 1/2-1/2

[Event "?"]
[Site "?"]
[Date "????.??.??"]
[Round "?"]
[White "Wilhelm, T."]
[Black "Nägele, H."]
[Result "1-0"]
[WhiteElo "2013"]
[BlackElo "1901"]
[PlyCount "75"]
[EventDate "2014.??.??"]

1. d4 g6 2. Nf3 Bg7 3. c3 d6 4. Bg5 h6 5. Bh4 Nd7 6. e4 g5 7. Bg3 e6 8. Bd3 Ne7
9. h4 g4 10. Ng1 h5 11. f4 c5 12. Ne2 a6 13. O-O f5 14. Bf2 fxe4 15. Bxe4 Nf6
16. Bc2 c4 17. Nd2 b5 18. Ne4 Bb7 19. N2g3 Nxe4 20. Bxe4 d5 21. Bc2 Qd6 22. Qe2
Qxf4 23. Qxe6 Qf6 24. Qxf6 Bxf6 25. Ne2 Kd7 26. Bg3 Raf8 27. Nf4 Bg7 28. Rae1
Rh6 29. Re2 Rhf6 30. Rfe1 R8f7 31. Nxh5 Rh6 32. Rxe7+ Rxe7 33. Rxe7+ Kxe7 34.
Nxg7 Bc8 35. Nf5+ Bxf5 36. Bxf5 a5 37. Bf4 Ra6 38. h5 1-0

[Event "?"]
[Site "?"]
[Date "????.??.??"]
[Round "?"]
[White "Schmalhorst, S."]
[Black "Nosek, R."]
[Result "0-1"]
[WhiteElo "1943"]
[BlackElo "1900"]
[PlyCount "100"]
[EventDate "2014.??.??"]

1. e4 e6 2. d4 b6 3. Nf3 Be7 4. Bd3 d6 5. O-O Bb7 6. c3 Nd7 7. Re1 h5 8. Nbd2
g5 9. Nf1 g4 10. N3d2 Ngf6 11. Ne3 Rg8 12. c4 h4 13. b3 g3 14. fxg3 hxg3 15. h3
c5 16. d5 Ne5 17. Nf3 Qc7 18. Bb2 O-O-O 19. Nxe5 dxe5 20. Qf3 Rdf8 21. Rad1 Nh7
22. Ng4 Bd6 23. dxe6 f5 24. Nh6 fxe4 25. Qe3 exd3 26. Nxg8 e4 27. Rf1 Bf4 28.
Rxf4 Qxf4 29. Qxf4 Rxf4 30. Be5 Rf8 31. Ne7+ Kd8 32. Nd5 Bxd5 33. cxd5 Ke7 34.
Bxg3 Rf5 35. Bh4+ Ng5 36. Bxg5+ Rxg5 37. Kf2 Rxd5 38. Ke3 Rd4 39. g4 b5 40. h4
Kxe6 41. Rf1 Rd8 42. h5 c4 43. bxc4 bxc4 44. Kd2 Ke5 45. h6 Kd4 46. g5 c3+ 47.
Kc1 d2+ 48. Kc2 Rb8 49. h7 Rb2+ 50. Kd1 Kd3 0-1

[Event "?"]
[Site "?"]
[Date "????.??.??"]
[Round "?"]
[White "Herbrig, T."]
[Black "Jacob, T."]
[Result "1/2-1/2"]
[WhiteElo "1953"]
[BlackElo "1952"]
[PlyCount "176"]
[EventDate "2014.??.??"]

1. d4 Nf6 2. c3 g6 3. Nf3 Bg7 4. Bg5 O-O 5. Nbd2 d6 6. e3 Nbd7 7. Be2 c5 8. O-O
b6 9. Bh4 Bb7 10. Rc1 Qc7 11. Bg3 Nh5 12. Bh4 Rfe8 13. Qb3 h6 14. Ne1 Nhf6 15.
Bd3 e5 16. dxe5 Nxe5 17. Be2 d5 18. Nef3 Ne4 19. Rfd1 g5 20. Bg3 Nxg3 21. hxg3
Rad8 22. Nf1 Re7 23. Qa4 Ba8 24. N1h2 Nd7 25. Qb3 Nf6 26. Nd2 Qc8 27. Qa4 Bc6
28. Qc2 a5 29. Nb1 Ne4 30. Bf3 Qa8 31. Nd2 Qb8 32. Nxe4 dxe4 33. Bg4 Bb5 34. c4
Bc6 35. Rxd8+ Qxd8 36. Rd1 Qc7 37. Rd2 Qe5 38. Qd1 f5 39. Be2 g4 40. Rd6 Re6
41. Rxe6 Qxe6 42. Qd8+ Be8 43. b3 Bf6 44. Qd2 Qe5 45. Nf1 Bc6 46. a3 Kf7 47. a4
Qe7 48. Qd1 Be5 49. Nh2 h5 50. Nf1 Qf6 51. Qc2 Ke7 52. Bd1 Kd7 53. Be2 Kc7 54.
Qa2 Bb2 55. Qb1 Qc3 56. Qd1 Qf6 57. Qc2 Be5 58. Qd1 Qf7 59. Qc2 Bd7 60. Nd2 Qf6
61. Bf1 h4 62. gxh4 g3 63. Nxe4 Qxh4 64. Nxg3 Bxg3 65. fxg3 Qxg3 66. Qf2 Qxf2+
67. Kxf2 Kd6 68. Bd3 Ke5 69. g3 Bc6 70. Bc2 Bb7 71. Bd1 Be4 72. Ke2 Bg2 73. Bc2
Bb7 74. Kd2 Bf3 75. Bd1 Be4 76. Bh5 Bc6 77. Bf7 Bf3 78. Bg6 Bg4 79. Kd3 Bd1 80.
Kc3 Ke4 81. Bh7 Bh5 82. Kd2 Bg4 83. Bg8 Bh5 84. Bd5+ Ke5 85. Ke1 Bg4 86. Kd2
Bh5 87. Bc6 Bg4 88. Bb7 Bh5 1/2-1/2